- Stine, R. L.
Entry Nombre Personal
001 - NUMERO DE CONTROL
- campo de control: 31736
003 - IDENTIFICADOR DE NUMERO DE CONTROL
- campo de control: DLC
005 - FECHA Y HORA DE LA ÜLTIMA TRANSACCIÓN
- campo de control: 20240909140159.0
008 - DATOS DE LONGITUD FIJA
- campo de control de longitud fija: 860416n| azannaabn |b aaa
010 ## - NÚMERO DE CONTROL DE LA BIBLIOTECA DEL CONGRESO
- Número de control LC: n 85268710
035 ## - NUMERO DE CONTROL
- Número de control: (OCoLC)oca01572318
040 ## - FUENTE DE CATALOGACIÓN
- Agencia original de catalogación: DLC
- Lenguaje de catalogación: spa
- Description conventions: rda
- Agencia de transcripción: DLC
- Agencia que lo modifica: DLC
- Agencia que lo modifica: OCoLC
- Agencia que lo modifica: UPB
- Agencia que lo modifica: IlMpPL
- Agencia que lo modifica: DLC
- Agencia que lo modifica: MX-MxUPN
046 ## - FECHAS CON CODIFICACIÓN ESPECIAL
- Fecha de nacimiento: 1943-10-08
- Fuente del formato de fecha: edtf
053 #0 - NÚMERO DE CLASIFICACIÓN LC
- Número de clasificación elemento-número único o número inicial de tramo: PS3569.T4837
053 #0 - NÚMERO DE CLASIFICACIÓN LC
- Número de clasificación elemento-número único o número inicial de tramo: PZ7.S86037
- Término explicativo: Juvenile fiction, English
053 #0 - NÚMERO DE CLASIFICACIÓN LC
- Número de clasificación elemento-número único o número inicial de tramo: PZ7.7.S7525
- Término explicativo: Juvenile graphic novels, English
100 1# - ENCABEZAMIENTO - NOMBRE PERSONAL
- Nombre personal: Stine, R. L.
370 ## - LUGAR ASOCIADO
- Place of birth: Columbus, Ohio
- Place of residence/headquarters: New York, N.Y.
373 ## - GRUPO ASOCIADO
- Associated group: Ohio State University
- End period: 1965
374 ## - OCUPACIÓN
- Occupation: Escritor
- Occupation: Guionista
- Occupation: Editor
377 ## - LENGUA ASOCIADA
- Language code: eng
400 1# - VEÁSE - NOMBRE DE PERSONA
- Personal name: Stine, Robert Lawrence
500 1# - MENCIÓN DE REFERENCIA “VÉASE ADEMÁS”- NOMBRE DE PERSONA
- Control subfield: nnnc
- Personal name: Stine, Jovial Bob
663 ## - REFERENCIA COMPLEJA DE "VÉASE ADEMÁS" - NOMBRE
- Explanatory text: Works by this author are entered under the name used in the item. For a listing of other names used by this author, search also under
- Heading referred to: Stine, Jovial Bob
670 ## - FUENTE EN LA QUE SE LOCALIZARON DATOS
- Cita de la fuente: Author's Demons of the deep, c1985:
- Información localizada: t.p. (R.L. Stine)
670 ## - FUENTE EN LA QUE SE LOCALIZARON DATOS
- Cita de la fuente: LC data base, 02-02-94
- Información localizada: (hdg.: Stine, R. L.; usage: R.L. Stine; Jovial Bob Stine; Zachary Blue)
670 ## - FUENTE EN LA QUE SE LOCALIZARON DATOS
- Cita de la fuente: Contemp. au., v. 22, new rev. ser.
- Información localizada: (R(obert) L(awrence) Stine, Jovial Bob Stine; b. 10-08-43; pseuds.: Zachary Blue, Eric Affabee [not in LC])
670 ## - FUENTE EN LA QUE SE LOCALIZARON DATOS
- Cita de la fuente: R.L. Stine, via WWW, July 23, 2012
- Información localizada: (American author of children's fiction, horror stories and humor for children and teens; born in Columbus, Ohio, 1943; graduate, Ohio State Univ., 1965; lives in New York City with his wife)
670 ## - FUENTE EN LA QUE SE LOCALIZARON DATOS
- Cita de la fuente: Wikipedia, via WWW, July 23, 2012
- Información localizada: (novelista, escritor de cuentos, productor ejecutivo de televisión, guionista, editor ejecutivo; B.A., English, Ohio State Univ.)
670 ## - FUENTE EN LA QUE SE LOCALIZARON DATOS
- Cita de la fuente: El fantasma del auditorio, 2003:
- Información localizada: portada (R.L. Stine)
902 ## - CATALOGADOR
- Catalogador: Víctor Ruiz/090924
